International Trade and Economic Growth <A> Survey of Empirical Studies

Gespeichert in:
Bibliographische Detailangaben
1. Verfasser: Maurer, Rainer
Format: Buch
Sprache:Englisch
Veröffentlicht: Kiel Institut für Weltwirtschaft 1994
Schriftenreihe:Kiel Working Paper No.660
Schlagworte:
Tags: Tag hinzufügen
Keine Tags, Fügen Sie das erste Tag hinzu!

MARC

LEADER 00000nam a2200000 4500
001 c010673
005 20250521092959.5
041 0 |a eng 
044 |a DE 
245 1 0 |a International Trade and Economic Growth  |b <A> Survey of Empirical Studies  |c Rainer Maurer 
264 1 |a Kiel  |b Institut für Weltwirtschaft  |c 1994 
300 |a 95 s. 
490 1 |a Kiel Working Paper  |v No.660 
830 0 |a Kiel Working Paper  |v No.660 
610 2 0 |a obchod medzinárodný 
610 2 0 |a rast hospodársky 
610 2 0 |a štúdie prípadové 
100 1 |a Maurer, Rainer